000 00323nam a2200133Ia 4500
008 240624s9999 xx 000 0 und d
041 _aeng
082 _a920 SEN
100 _aSEN AMARTYA
245 _aHOME IN THE WORLD A MEMOIR
260 _c2021
_aNew Delhi
_bPenguin Books
300 _a463p. ;23cm.
365 _cRS
_b33
999 _c32654
_d32654